Dinlerin buluşup uygarlıkların kesiştiği hoşgörü iskelesi Mersin (Record no. 1429)

MARC details
000 -BAŞLIK
Sabit Uzunlukta Kontrol Alanı 00606na a2200205 4500
001 - KONTROL NUMARASI
Denetim Alanı 13034
003 - KONTROL NUMARASI IDENTIFIER
Denetim Alanı MIRAKIL
005 - SON İŞLEM TARİHİ VE ZAMANI
Denetim Alanı 20181213154822.0
008 - SABİT-BOY VERİ ELEMANLARI - GENEL BİLGİLER
Sabit Uzunlukta Kontrol Alanı 160831b tu 000 0
020 ## - ULUSLARARASI STANDART KİTAP NUMARASI
Uluslararası Standart Kitap Numarası 9786054623686
040 ## - KATALOGLAMA KAYNAK
Orijinal Kataloglama Ajansı Milas
Kataloglama Dili tur
Metne Dönüştürmek Ajansı TR-AnCHP
082 ## - DEWEY ONLU SINIFLANDIRMA NUMARASI
Sınıflandırma Numarası 956.421
Ürün Numarası S84d 2013
090 ## - SINIFLAMA NUMARASI
Sınıflama Numarası 956.421 S84d 2013
100 ## - ANA GİRİŞ - KİŞİSEL İSİM
Kişisel Ad Sulutaş, Mehmet Ali
245 ## - BAŞLIK TABLOSU
Başlık Dinlerin buluşup uygarlıkların kesiştiği hoşgörü iskelesi Mersin
Sorumluluk Tablosu, Vb Mehmet Ali Sulutaş
260 ## - YAYIN, DAĞITIM, VB
Yayın, Dağıtım, Vb Yeri Ankara
Yayıncı, Dağıtıcı, Vs Adı Kanguru Yayınları
Yayın, Dağıtım, Vb Tarihi 2013
300 ## - FİZİKSEL TANIM
Kapsam 238 s.
Boyutlar 21 sm.
650 ## - KONU KATMA GİRİŞ - TOPİKAL DÖNEM
Topikal Süreli Veya Coğrafi Ad Giriş Elemanı Kültür
Genel Alt Bölümü Mersin (Türkiye)
942 ## - EKLENDİ GİRİŞ ELEMANLARI (KOHA)
Sınıflandırma Veya Raf Düzeni Kaynak Dewey Decimal Classification
Koha Öğesi Türü Books
999 ## - SİSTEM KONTROL NUMARALARI (KOHA)
Koha Biblionumber 1429
Koha Biblioitemnumber 1429
Holdings
Kalıcı Konum Mevcut Konum Edinme Tarihi Edinim Kaynak Toplam Check-Out'Lar Tam Çağrı Numarası Barkod Tarih Son Görülme İtibaren Geçerli Fiyatlar Koha Öğesi Türü
CHP Kütüphanesi CHP Kütüphanesi 08/04/2016 Bağış   956.421 S84d 2013 000395 08/04/2016 08/04/2016 Books